000 00460nam a2200157 a 4500
005 20140412111239.0
008 001109s19uu xx 00 eng d
020 _a0-86163-509-4
050 _aER
_bOl1 1991
100 _aMorey, Sheena
245 _aOld MacDonald's Farm /
_cstory by Sheena Morey; illustrated by M. Scrydloff.
260 _aLondon :
_bAward Publications,
_c1991.
300 _a29 p. ; ill.
650 _aPoetry for children
999 _c102616
_d102616